01291 2200205 4500001002100000005001500021035002000036008004100056245003500097100001600132250000600148260003800154300001200192084001400204082000800218650001000226520082500236990001201061990001201073INLIS00000000000093820240531103027 a0010-0524000173240531 1 ind 1 aAsa - Asa Kering /cAri Keling aKeling, Ari a1 aYogyakarta :bSheila/ Andi,c2014 a158 hlm a813 ARI a a813 4aFiksi aAku mencintai Nadia, dia mencintai Rizal, dan Rizal mencintai Reika, kekasihnya. Aku dan Nadia mencintai saja. Cinta kami tak berujung; kami berjalan beriringan tapi tak bisa bergandeng tangan; melangkah di jalan yang sama tetapi beda tujuan. Menyakitkan! Jika cinta adalah sebuah jarum, aku seperti mencari sebuah jarum di dalam tumpukan jerami. Jika cinta adalah semua rasa, aku adalah lidah yang mengecap-ngecap berusaha merasakannya padahal aku mati rasa. Jika cinta adalah keindahan dunia, aku adalah mata yang mengerjap-ngerjap berusaha melihatnya padahal aku buta, hanya hitam pekat yang aku lihat. Jika cinta adalah rangkaian nada yang mengalun indah, aku adalah telinga yang berusaha mendengarnya padahal aku tuli. Jika cinta adalah kehidupan, aku adalah orang yang mati dan berharap kematianku ialah mati suri. a0741630 a0741631